Loading...
| Literature - British Literature | 0 | 7 | 0 | 0 | 70 | 121 | 136.29 | 0 | 1 |
| Fine Arts - Painting & Sculpture | 0 | 7 | 1 | 0 | 65 | 71 | 121.71 | 0 | 2 |
| Literature - European Literature | 0 | 5 | 0 | 0 | 50 | 72 | 128.40 | 1 | 2 |
| Literature - World Literature | 0 | 5 | 1 | 0 | 45 | 94 | 139.40 | 0 | 0 |
| Social Science | 0 | 4 | 0 | 1 | 40 | 101 | 123.00 | 0 | 0 |
| Fine Arts - Other Fine Arts | 0 | 4 | 0 | 1 | 40 | 41 | 97.00 | 1 | 1 |
| Literature - American Literature | 0 | 4 | 2 | 1 | 30 | 27 | 106.75 | 0 | 1 |
| Philosophy | 0 | 3 | 1 | 1 | 25 | 55 | 111.00 | 0 | 0 |
| Fine Arts - Classical Music | 0 | 2 | 0 | 0 | 20 | 110 | 130.50 | 0 | 0 |
| History - European History | 0 | 2 | 0 | 0 | 20 | 102 | 112.50 | 0 | 0 |
| Science - Other Science | 0 | 2 | 0 | 0 | 20 | 105 | 122.50 | 0 | 0 |
| Science - Physics | 0 | 2 | 0 | 0 | 20 | 94 | 120.50 | 0 | 0 |
| Current Events | 0 | 1 | 0 | 0 | 10 | 99 | 99.00 | 0 | 0 |
| Geography | 0 | 1 | 0 | 0 | 10 | 102 | 102.00 | 0 | 0 |
| Religion | 0 | 0 | 0 | 0 | 0 | 0.00 | 0 | 0 |